000 00643nam a22002537a 4500
003 UA-OsUOA
001 30273
007 ta
008 20041108b un ||||| |||| 00| 0 ukr d
100 _aБіляїв В.
090 _a92.09(477)"19+"
_bБ44
942 _cBK
040 _aUA-OsUOA
_bukr
_cUA-OsUOA
_dUA-OsUOA
245 _aНа неокраянім крилі...
300 _a348 с.
955 _a0
041 _aukr
080 _a92.09(477)"19+"
020 _a966-7804-57-7
260 _aДонецьк
_bСхідний видавничий дім
_c2003
044 _aUA
650 7 _2UDC
999 _c316681
_d316681